[Event "Pilsen Open 2025 - A INGEM GM Round Robi"]
[Site "Parkhotel Plzen ****, Plzen"]
[Date "2025.03.15"]
[Round "1.2"]
[White "Zhao, Yuanhe"]
[Black "Song, Yuxin"]
[Result "1-0"]
[WhiteElo "2466"]
[BlackElo "2367"]
[PlyCount "175"]
[EventDate "2025.03.15"]

1. Nf3 d5 2. g3 Nf6 3. Bg2 c5 4. O-O Nc6 5. d3 e5 6. c3 Bd6 7. a3 a5 8. a4 h6
9. Na3 Be6 10. Nd2 O-O 11. e4 Be7 12. Qe2 Qd7 13. exd5 Bxd5 14. Ne4 Rad8 15.
Nc4 Be6 16. Nxf6+ Bxf6 17. Be4 Be7 18. Re1 Rfe8 19. Qf3 Bd5 20. Nb6 Bxe4 21.
dxe4 Qe6 22. Nd5 Bd6 23. Be3 Ne7 24. Red1 Nxd5 25. Rxd5 Qc8 26. Qe2 Bf8 27.
Rad1 Rxd5 28. Rxd5 Qc6 29. Qc4 b6 30. h4 Re6 31. Kh2 Qe8 32. Qb3 Kh7 33. Rd2
Be7 34. Qd1 Qc6 35. Rd5 Kg8 36. Qb3 Bf6 37. Qc4 Rd6 38. Qa6 Rxd5 39. exd5 Qd6
40. Qa8+ Kh7 41. Kg2 h5 42. Qc6 Be7 43. Kf3 Qd8 44. Qb7 Kg8 45. Ke2 Bd6 46. Kd3
Bc7 47. Qc6 Kf8 48. Bg5 f6 49. Bd2 Qc8 50. Be3 Qf5+ 51. Kd2 Bd8 52. Qb5 Ke7 53.
b4 axb4 54. cxb4 Qe4 55. d6+ Kxd6 56. bxc5+ bxc5 57. Bxc5+ Ke6 58. a5 Qd5+ 59.
Kc1 Be7 60. Qb6+ Kf7 61. Bxe7 Qc4+ 62. Kd2 Kxe7 63. a6 Qd5+ 64. Ke3 Qd1 65.
Qc5+ Kd7 66. a7 Qe1+ 67. Kf3 Qh1+ 68. Ke2 Qe4+ 69. Kd2 Qb7 70. Qa3 Qa8 71. Ke3
Kc6 72. Qe7 Qg8 73. Qb4 Kc7 74. f3 f5 75. Qb5 f4+ 76. gxf4 exf4+ 77. Kxf4 Qf8+
78. Qf5 Qa3 79. Qe5+ Kd7 80. Qd5+ Ke7 81. a8=Q Qc1+ 82. Ke4 Qe1+ 83. Kd3 Qd1+
84. Kc4 Qc2+ 85. Kb5 Qb2+ 86. Kc6 Qf6+ 87. Kb7 Qb2+ 88. Kc8 1-0

[Event "Pilsen Open 2025 - A INGEM GM Round Robi"]
[Site "Parkhotel Plzen ****, Plzen"]
[Date "2025.03.15"]
[Round "1.3"]
[White "Krishna, C."]
[Black "Mattenberger, Matthias"]
[Result "0-1"]
[WhiteElo "2418"]
[BlackElo "2338"]
[PlyCount "100"]
[EventDate "2025.03.15"]

1. d4 Nf6 2. c4 g6 3. Nf3 Bg7 4. e3 O-O 5. Be2 c5 6. O-O cxd4 7. exd4 d5 8. Nc3
Nc6 9. Re1 dxc4 10. Bxc4 Na5 11. Bf1 Be6 12. Bg5 Rc8 13. Rc1 a6 14. b3 Qd6 15.
Qd2 Qb4 16. d5 Rcd8 17. Na4 Qxd2 18. Bxd2 Rxd5 19. Nb6 Rh5 20. h3 Rd8 21. Rxe6
fxe6 22. g4 Ne4 23. Be1 Ng5 24. Nh2 Nxh3+ 25. Bxh3 Rxh3 26. Bxa5 Bd4 27. Kg2
Rd3 28. Nf3 Bxf2 29. Nc4 b6 30. Nce5 Rd1 31. Rxd1 Rxd1 32. Kxf2 bxa5 33. a4 Kg7
34. g5 h6 35. gxh6+ Kxh6 36. Ke2 Rd5 37. Nc6 Rc5 38. Nfe5 Kg5 39. Nf3+ Kf6 40.
Nb8 Rc3 41. Nd2 Ke5 42. Nxa6 Kf4 43. Nc4 Rxb3 44. Nxa5 Rb2+ 45. Kd3 g5 46. Nc4
Ra2 47. Nc5 e5 48. Kc3 g4 49. Nd3+ Ke4 50. Nd2+ Kf5 0-1

[Event "Pilsen Open 2025 - A INGEM GM Round Robi"]
[Site "Parkhotel Plzen ****, Plzen"]
[Date "2025.03.15"]
[Round "1.4"]
[White "Vivaan, Vishal Shah"]
[Black "Otsuka, Shou"]
[Result "1-0"]
[WhiteElo "2429"]
[BlackElo "2323"]
[PlyCount "97"]
[EventDate "2025.03.15"]

1. e4 e5 2. Nf3 Nc6 3. Bb5 a6 4. Ba4 Nf6 5. O-O b5 6. Bb3 Bc5 7. a4 Rb8 8. c3
d6 9. d4 Bb6 10. a5 Ba7 11. h3 Bb7 12. Be3 Nxe4 13. Nbd2 exd4 14. cxd4 Nxd2 15.
Qxd2 O-O 16. Rae1 Qd7 17. d5 Bxe3 18. Rxe3 Ne7 19. Rc1 Rbc8 20. Ng5 h6 21. Ne4
Ng6 22. Bc2 c6 23. Rce1 f5 24. dxc6 Rxc6 25. Nc3 Kh7 26. Ne2 Rc4 27. Nd4 Rxd4
28. Qxd4 Qc6 29. Rg3 Qxc2 30. Re7 Rg8 31. Rxb7 f4 32. Rg4 Qf5 33. Rb6 Rf8 34.
Rb7 Rg8 35. Qa7 h5 36. Rxg6 Qxg6 37. Rf7 Qb1+ 38. Kh2 Qxb2 39. Rf5 Rc8 40. Qf7
Rc5 41. Qxh5+ Kg8 42. Qe8+ Kh7 43. Qh5+ Kg8 44. Qe8+ Kh7 45. Rf8 Kh6 46. Rh8+
Kg5 47. Qh5+ Kf6 48. Rf8+ Ke7 49. Qf7# 1-0

[Event "Pilsen Open 2025 - A INGEM GM Round Robi"]
[Site "Parkhotel Plzen ****, Plzen"]
[Date "2025.03.15"]
[Round "1.5"]
[White "Petr, Martin"]
[Black "Kuegel, Tobias"]
[Result "1-0"]
[WhiteElo "2474"]
[BlackElo "2409"]
[PlyCount "105"]
[EventDate "2025.03.15"]

1. Nf3 d5 2. g3 Nf6 3. Bg2 e6 4. O-O Be7 5. d3 O-O 6. Nbd2 c5 7. e4 Nc6 8. Re1
b5 9. e5 Nd7 10. Nf1 a5 11. h4 a4 12. a3 Ba6 13. h5 h6 14. N1h2 Qc7 15. Ng4
Rfc8 16. Bxh6 gxh6 17. Qd2 Nd4 18. Nxh6+ Kg7 19. Qf4 Nxf3+ 20. Bxf3 Rf8 21.
Bxd5 Bb7 22. Be4 Bxe4 23. Rxe4 Qd8 24. Ng4 Rh8 25. h6+ Kf8 26. Qf3 Bg5 27. Qh1
c4 28. Rd4 Ra7 29. dxc4 Qc7 30. Rad1 Nxe5 31. Nxe5 Qxe5 32. Rd8+ Ke7 33. Rxh8
Qxh8 34. Qc6 Qe5 35. h7 Bf6 36. Qc8 Qc7 37. h8=Q Bxh8 38. Qxh8 bxc4 39. Rd4 Ra6
40. Qh4+ Ke8 41. Rxc4 Rc6 42. b3 axb3 43. cxb3 Qd6 44. Rxc6 Qxc6 45. Qa4 Qxa4
46. bxa4 Kd7 47. Kg2 Kc6 48. Kf3 Kb6 49. Ke4 f6 50. g4 Ka5 51. f4 Kxa4 52. g5
fxg5 53. fxg5 1-0

[Event "Pilsen Open 2025 - A INGEM GM Round Robi"]
[Site "Parkhotel Plzen ****, Plzen"]
[Date "2025.03.16"]
[Round "2.1"]
[White "Neuman, Petr"]
[Black "Kuegel, Tobias"]
[Result "1-0"]
[WhiteElo "2421"]
[BlackElo "2409"]
[PlyCount "129"]
[EventDate "2025.03.15"]

1. d4 Nf6 2. c4 g6 3. Nc3 Bg7 4. e4 d6 5. Nf3 O-O 6. Be2 e5 7. Be3 exd4 8. Nxd4
Re8 9. f3 c6 10. Bf2 d5 11. exd5 cxd5 12. O-O Nc6 13. c5 Nh5 14. Qd2 Be5 15. g3
Ng7 16. Rfd1 Be6 17. Ncb5 Nf5 18. Bf1 a6 19. Nxf5 Bxf5 20. Nd4 Nxd4 21. Bxd4
Qf6 22. Rac1 Rac8 23. b4 Rcd8 24. Qc3 h5 25. a4 h4 26. Bxe5 Qxe5 27. Qxe5 Rxe5
28. g4 Bd7 29. b5 axb5 30. axb5 Rc8 31. Kf2 g5 32. Rd4 Kf8 33. Ra4 Be8 34. Rd4
Ke7 35. Bd3 Ra8 36. Rc2 f6 37. Rb4 d4 38. Rxd4 Rc8 39. Re4 Rxe4 40. Bxe4 Bxb5
41. Bxb7 Rc7 42. Bd5 Rd7 43. Be4 Bd3 44. Bxd3 Rxd3 45. c6 Kd8 46. c7+ Kc8 47.
h3 Rd5 48. Ke3 f5 49. f4 gxf4+ 50. Kxf4 fxg4 51. hxg4 h3 52. g5 Rd4+ 53. Kf5
Rd5+ 54. Kg4 Rd3 55. g6 Rd6 56. Kg5 Rd5+ 57. Kh6 Rd6 58. Kh7 Rd4 59. g7 Rh4+
60. Kg6 Rg4+ 61. Kf6 Rg3 62. Kf7 Rf3+ 63. Kg6 Rg3+ 64. Kh7 h2 65. Rxh2 1-0

[Event "Pilsen Open 2025 - A INGEM GM Round Robi"]
[Site "Parkhotel Plzen ****, Plzen"]
[Date "2025.03.16"]
[Round "2.2"]
[White "Otsuka, Shou"]
[Black "Petr, Martin"]
[Result "0-1"]
[WhiteElo "2323"]
[BlackElo "2474"]
[PlyCount "134"]
[EventDate "2025.03.15"]

1. e4 c5 2. Nf3 e6 3. c3 Nf6 4. e5 Nd5 5. d4 cxd4 6. cxd4 d6 7. Bc4 Nc6 8. O-O
Be7 9. Qe2 O-O 10. Rd1 Qc7 11. Bd2 Rd8 12. Na3 a6 13. Rac1 dxe5 14. dxe5 b5 15.
Bd3 Bb7 16. Nc2 g6 17. h4 Rd7 18. h5 Qd8 19. Be4 Rc8 20. a3 Qf8 21. hxg6 hxg6
22. Nce1 Nb6 23. Nd3 Nc4 24. Bc3 Qh6 25. g3 Rcd8 26. Ra1 Qh5 27. Nf4 Qg4 28.
Rxd7 Rxd7 29. Rd1 Nb6 30. Re1 Na4 31. Qc2 Nc5 32. Nh2 Qg5 33. Bg2 Qf5 34. Qe2
Nd4 35. Bxd4 Rxd4 36. Bxb7 Nxb7 37. Nf3 Rc4 38. b4 Nd8 39. Qe3 Nc6 40. Nd2 Rc2
41. Nb3 Bg5 42. Nc5 Rc4 43. Ne4 Qxe5 44. Nxg6 Bxe3 45. Nxe5 Nxe5 46. Rxe3 Ng4
47. Re2 Kg7 48. Kg2 Nf6 49. Nxf6 Kxf6 50. Kf3 Kf5 51. Re3 e5 52. Rb3 e4+ 53.
Ke3 Kg4 54. Kd2 f5 55. Ke3 Rc2 56. a4 Kh3 57. axb5 axb5 58. f3 Kxg3 59. fxe4
f4+ 60. Kd4+ f3 61. e5 Kf4 62. e6 Re2 63. Rb1 Rxe6 64. Kc5 Re5+ 65. Kd4 Rh5 66.
Rf1 Rf5 67. Kd3 Rd5+ 0-1

[Event "Pilsen Open 2025 - A INGEM GM Round Robi"]
[Site "Parkhotel Plzen ****, Plzen"]
[Date "2025.03.16"]
[Round "2.3"]
[White "Mattenberger, Matthias"]
[Black "Vivaan, Vishal Shah"]
[Result "1-0"]
[WhiteElo "2338"]
[BlackElo "2429"]
[PlyCount "59"]
[EventDate "2025.03.15"]

1. d4 d5 2. c4 c6 3. Nc3 Nf6 4. Nf3 dxc4 5. e4 b5 6. Be2 e6 7. O-O Bb7 8. b3 b4
9. e5 bxc3 10. exf6 gxf6 11. bxc4 c5 12. d5 Nd7 13. Re1 Bg7 14. Rb1 Rb8 15. Bf4
Ne5 16. Nxe5 fxe5 17. Be3 exd5 18. Bxc5 Qc7 19. Qa4+ Qd7 20. Qxa7 Qc7 21. Bg4
f5 22. Bb6 Qc8 23. Bxf5 Qxf5 24. Qxb8+ Bc8 25. cxd5 O-O 26. Bc5 Rf6 27. Rxe5
Qd7 28. Rbe1 c2 29. Re8+ Kf7 30. R8e7+ 1-0

[Event "Pilsen Open 2025 - A INGEM GM Round Robi"]
[Site "Parkhotel Plzen ****, Plzen"]
[Date "2025.03.16"]
[Round "2.4"]
[White "Song, Yuxin"]
[Black "Krishna, C."]
[Result "1/2-1/2"]
[WhiteElo "2367"]
[BlackElo "2418"]
[PlyCount "60"]
[EventDate "2025.03.15"]

1. e4 e6 2. d4 d5 3. e5 c5 4. c3 Ne7 5. Nf3 Nec6 6. Bd3 b6 7. O-O Ba6 8. Bxa6
Nxa6 9. Ne1 Rc8 10. Be3 Qd7 11. Nd2 Na5 12. b3 cxd4 13. cxd4 Ba3 14. Qg4 O-O
15. Nd3 Nb4 16. Nf4 f5 17. exf6 Rxf6 18. Nf3 Nac6 19. Rad1 Nc2 20. Nd3 Rcf8 21.
Nfe5 Nxe5 22. Nxe5 Qc7 23. Qe2 Bd6 24. Rc1 Rc8 25. Bg5 Rff8 26. Nf3 Rfe8 27. g3
Ba3 28. Rcd1 Bd6 29. Rc1 Ba3 30. Rcd1 Bd6 1/2-1/2

[Event "Pilsen Open 2025 - A INGEM GM Round Robi"]
[Site "Parkhotel Plzen ****, Plzen"]
[Date "2025.03.16"]
[Round "2.5"]
[White "Pacher, Milan"]
[Black "Zhao, Yuanhe"]
[Result "1/2-1/2"]
[WhiteElo "2336"]
[BlackElo "2466"]
[PlyCount "59"]
[EventDate "2025.03.15"]

1. d4 Nf6 2. c4 g6 3. Nc3 Bg7 4. e4 d6 5. Nf3 O-O 6. Be2 c5 7. d5 Bg4 8. O-O
Na6 9. e5 Ne8 10. e6 fxe6 11. Ng5 Bxe2 12. Qxe2 Nac7 13. Nxe6 Nxe6 14. Qxe6+
Rf7 15. Ne4 Qc8 16. Qxc8 Rxc8 17. Ng5 Rf5 18. g4 Re5 19. Bf4 Re2 20. Rae1 Rxe1
21. Rxe1 Bf6 22. b3 b5 23. Ne4 Bd4 24. Bg5 Kf7 25. Bd2 Nf6 26. Ng5+ Kg8 27. Nf3
Kf7 28. Ng5+ Kg8 29. Nf3 Kf7 30. Ng5+ 1/2-1/2

[Event "Pilsen Open 2025 - A INGEM GM Round Robi"]
[Site "Parkhotel Plzen ****, Plzen"]
[Date "2025.03.17"]
[Round "3.1"]
[White "Zhao, Yuanhe"]
[Black "Neuman, Petr"]
[Result "1/2-1/2"]
[WhiteElo "2466"]
[BlackElo "2421"]
[PlyCount "57"]
[EventDate "2025.03.15"]

1. Nf3 d5 2. g3 g6 3. Bg2 Bg7 4. d4 Nf6 5. c4 c6 6. cxd5 cxd5 7. Nc3 Ne4 8. Qb3
Nxc3 9. bxc3 Nc6 10. Nd2 e6 11. Ba3 f5 12. O-O b6 13. Nc4 Bf8 14. Bxf8 Kxf8 15.
Nd2 Na5 16. Qb5 Bd7 17. Qd3 Rc8 18. f3 Qc7 19. Rac1 Kg7 20. Rfe1 Rhe8 21. e3
Nc4 22. Nxc4 Bb5 23. Qd2 Bxc4 24. e4 Qd6 25. Rc2 Re7 26. Qe3 Rce8 27. Bf1 Bxf1
28. Rxf1 fxe4 29. fxe4 1/2-1/2

[Event "Pilsen Open 2025 - A INGEM GM Round Robi"]
[Site "Parkhotel Plzen ****, Plzen"]
[Date "2025.03.17"]
[Round "3.2"]
[White "Krishna, C."]
[Black "Pacher, Milan"]
[Result "1/2-1/2"]
[WhiteElo "2418"]
[BlackElo "2336"]
[PlyCount "111"]
[EventDate "2025.03.15"]

1. Nf3 d5 2. e3 Nf6 3. c4 e6 4. b3 Bd6 5. Bb2 O-O 6. Nc3 a6 7. cxd5 exd5 8. Be2
Re8 9. O-O Nbd7 10. Qc2 b6 11. Nd4 Bb7 12. Nf5 Bf8 13. d4 g6 14. Ng3 h5 15. Bf3
Bd6 16. Nge2 Ng4 17. g3 Ndf6 18. Nf4 Bxf4 19. exf4 Qd7 20. f5 g5 21. Rae1 Nh6
22. Re5 Nhg4 23. Qc1 Nh7 24. Bxg4 hxg4 25. Rfe1 Rxe5 26. Rxe5 Re8 27. Rxe8+
Qxe8 28. Qd1 Bc8 29. Nxd5 Bxf5 30. Ne3 Qe4 31. d5 f6 32. a3 Kf7 33. Qc1 Kg6 34.
Qxc7 Qf3 35. Qc4 Be4 36. Kf1 Qh1+ 37. Ke2 Bf3+ 38. Kd2 Qxh2 39. Qc2+ Kf7 40.
Kd3 Qh1 41. Kd4 Nf8 42. Qc7+ Kg6 43. Qc2+ Kf7 44. Qc7+ Kg6 45. Qxb6 Qb1 46. Nc4
Qd1+ 47. Kc3 Qe1+ 48. Nd2 Bxd5 49. Qd6 Be6 50. Qxf8 Qe5+ 51. Kc2 Bf5+ 52. Kd1
Qxb2 53. Qg8+ Kh6 54. Qf8+ Kg6 55. Qg8+ Kh6 56. Qf8+ 1/2-1/2

[Event "Pilsen Open 2025 - A INGEM GM Round Robi"]
[Site "Parkhotel Plzen ****, Plzen"]
[Date "2025.03.17"]
[Round "3.3"]
[White "Vivaan, Vishal Shah"]
[Black "Song, Yuxin"]
[Result "0-1"]
[WhiteElo "2429"]
[BlackElo "2367"]
[PlyCount "76"]
[EventDate "2025.03.15"]

1. e4 c5 2. Nf3 d6 3. d4 cxd4 4. Nxd4 Nf6 5. Nc3 a6 6. Bc4 e6 7. Bb3 b5 8. Be3
Be7 9. Qf3 Qc7 10. g4 O-O 11. g5 Nfd7 12. g6 Ne5 13. gxh7+ Kh8 14. Qg3 b4 15.
Rg1 g6 16. Nce2 Qb7 17. f3 a5 18. Ba4 Na6 19. Bg5 Bxg5 20. Qxg5 f6 21. Qh6 Qg7
22. Qxg7+ Kxg7 23. f4 Nc5 24. fxe5 dxe5 25. Nc6 Nxa4 26. Ne7 Kxh7 27. O-O-O Ba6
28. Rd2 Rfd8 29. Nd4 exd4 30. Rdg2 Rd7 31. Nxg6 d3 32. cxd3 Bxd3 33. Rg4 Rc8+
34. Kd2 Bxe4+ 35. Ke3 Bxg6 36. Rxg6 Nxb2 37. Rxf6 Rc3+ 38. Ke2 Nc4 0-1

[Event "Pilsen Open 2025 - A INGEM GM Round Robi"]
[Site "Parkhotel Plzen ****, Plzen"]
[Date "2025.03.17"]
[Round "3.4"]
[White "Petr, Martin"]
[Black "Mattenberger, Matthias"]
[Result "1-0"]
[WhiteElo "2474"]
[BlackElo "2338"]
[PlyCount "87"]
[EventDate "2025.03.15"]

1. e4 c5 2. c3 d5 3. exd5 Qxd5 4. d4 Nf6 5. Nf3 e6 6. Bd3 Nc6 7. O-O Be7 8.
dxc5 Qxc5 9. Nbd2 O-O 10. Qe2 Rd8 11. Ne4 Nxe4 12. Qxe4 g6 13. Be3 Qf5 14. Qxf5
gxf5 15. Bc4 b6 16. Rfd1 Bb7 17. Kf1 Kg7 18. g3 Rac8 19. Be2 e5 20. Rxd8 Rxd8
21. Rd1 Ba6 22. Rxd8 Bxe2+ 23. Kxe2 Bxd8 24. a4 h5 25. b4 Bc7 26. Nd2 Kf6 27.
f4 e4 28. Nb3 a6 29. b5 axb5 30. axb5 Nb8 31. Nd2 Nd7 32. Nc4 Ke6 33. Bd4 Bd8
34. Kd2 Kd5 35. Ne3+ Ke6 36. c4 h4 37. gxh4 Bxh4 38. Nd5 Bd8 39. Bf2 Nc5 40.
Bxc5 bxc5 41. b6 Kd6 42. b7 Bc7 43. Nxc7 Kxc7 44. h4 1-0

[Event "Pilsen Open 2025 - A INGEM GM Round Robi"]
[Site "Parkhotel Plzen ****, Plzen"]
[Date "2025.03.17"]
[Round "3.5"]
[White "Kuegel, Tobias"]
[Black "Otsuka, Shou"]
[Result "1-0"]
[WhiteElo "2409"]
[BlackElo "2323"]
[PlyCount "81"]
[EventDate "2025.03.15"]

1. e4 e5 2. Nf3 Nc6 3. Bc4 Nf6 4. d4 exd4 5. Ng5 Ne5 6. Qxd4 Nxc4 7. Qxc4 d5 8.
exd5 Qxd5 9. Qe2+ Be7 10. O-O Bg4 11. f3 Bd7 12. Nc3 Qc6 13. Bf4 h6 14. Rfe1
Ng8 15. Nge4 f5 16. Nf2 O-O-O 17. Nd3 g5 18. Be3 Bf6 19. Nb4 Qe6 20. Nbd5 Bxc3
21. Nxc3 f4 22. Bd4 Qxe2 23. Rxe2 Rh7 24. Ne4 Bf5 25. c3 Re7 26. Rae1 Rde8 27.
Bxa7 Bxe4 28. Bc5 Bxf3 29. Rxe7 Nxe7 30. gxf3 Kd7 31. Rxe7+ Rxe7 32. Bxe7 Kxe7
33. h4 c5 34. hxg5 hxg5 35. b3 Ke6 36. Kg2 b5 37. a3 Ke5 38. Kh3 Kf5 39. c4
bxc4 40. bxc4 Ke5 41. a4 1-0

[Event "Pilsen Open 2025 - A INGEM GM Round Robi"]
[Site "Parkhotel Plzen ****, Plzen"]
[Date "2025.03.18"]
[Round "4.1"]
[White "Neuman, Petr"]
[Black "Otsuka, Shou"]
[Result "0-1"]
[WhiteElo "2421"]
[BlackElo "2323"]
[PlyCount "82"]
[EventDate "2025.03.15"]

1. c4 e6 2. Nc3 d5 3. d4 Nf6 4. cxd5 exd5 5. Bg5 Bb4 6. e3 h6 7. Bxf6 Qxf6 8.
Qb3 Qd6 9. Nf3 O-O 10. Bd3 Nd7 11. O-O c6 12. Ne2 Ba5 13. Ng3 Re8 14. Rad1 Nf6
15. Bb1 Bc7 16. Ne5 c5 17. f4 c4 18. Qc2 Be6 19. e4 dxe4 20. Nxe4 Nxe4 21. Qxe4
f5 22. Qf3 Bb6 23. Kh1 Bxd4 24. Qxb7 Qb6 25. Qxb6 Bxb6 26. h3 Rac8 27. Rd6 Rcd8
28. Rfd1 Rxd6 29. Rxd6 g5 30. Bc2 gxf4 31. Ba4 Bd7 32. Rxd7 Rxe5 33. Rd1 Ra5
34. Bd7 Rxa2 35. Bxf5 Rxb2 36. Be6+ Kg7 37. Bxc4 a5 38. h4 a4 39. Kh2 f3 40.
Rd7+ Kh8 41. Bd5 Rd2 0-1

[Event "Pilsen Open 2025 - A INGEM GM Round Robi"]
[Site "Parkhotel Plzen ****, Plzen"]
[Date "2025.03.18"]
[Round "4.2"]
[White "Mattenberger, Matthias"]
[Black "Kuegel, Tobias"]
[Result "1-0"]
[WhiteElo "2338"]
[BlackElo "2409"]
[PlyCount "71"]
[EventDate "2025.03.15"]

1. d4 d6 2. c4 e5 3. d5 f5 4. e4 fxe4 5. Ne2 Nf6 6. Ng3 Be7 7. Nc3 O-O 8. a3 a5
9. Be2 Na6 10. b4 Bd7 11. Rb1 axb4 12. axb4 c5 13. dxc6 bxc6 14. O-O Be6 15.
Bg5 d5 16. b5 Nc5 17. Bxf6 gxf6 18. bxc6 d4 19. Ncxe4 Nxe4 20. Nxe4 f5 21. Ng3
Ra6 22. f3 Rxc6 23. Bd3 Bg5 24. Qe2 Be3+ 25. Kh1 Qh4 26. Rfd1 Bc8 27. Nf1 Rh6
28. g3 Qh3 29. Nxe3 dxe3 30. Rb2 f4 31. gxf4 exf4 32. Rg1+ Kh8 33. Rb5 Rhf6 34.
Be4 Qh4 35. Qg2 Qh6 36. Rh5 1-0

[Event "Pilsen Open 2025 - A INGEM GM Round Robi"]
[Site "Parkhotel Plzen ****, Plzen"]
[Date "2025.03.18"]
[Round "4.3"]
[White "Song, Yuxin"]
[Black "Petr, Martin"]
[Result "1/2-1/2"]
[WhiteElo "2367"]
[BlackElo "2474"]
[PlyCount "25"]
[EventDate "2025.03.15"]

1. e4 e6 2. d4 d5 3. Nc3 Nf6 4. Bg5 dxe4 5. Nxe4 Be7 6. Nxf6+ Bxf6 7. Bxf6 Qxf6
8. Nf3 Nc6 9. Bb5 Bd7 10. O-O O-O 11. Ne5 Rfd8 12. Nxd7 Rxd7 13. c3 1/2-1/2

[Event "Pilsen Open 2025 - A INGEM GM Round Robi"]
[Site "Parkhotel Plzen ****, Plzen"]
[Date "2025.03.18"]
[Round "4.4"]
[White "Pacher, Milan"]
[Black "Vivaan, Vishal Shah"]
[Result "1-0"]
[WhiteElo "2336"]
[BlackElo "2429"]
[PlyCount "107"]
[EventDate "2025.03.15"]

1. d4 d5 2. c4 c6 3. Nc3 Nf6 4. cxd5 cxd5 5. Bf4 Nc6 6. e3 a6 7. Nf3 Bg4 8. h3
Bxf3 9. Qxf3 Qb6 10. Rb1 e6 11. Be2 Ne4 12. Nxe4 dxe4 13. Qxe4 Qa5+ 14. Kf1
Qxa2 15. g4 Qd5 16. Bf3 O-O-O 17. Kg2 Qxe4 18. Bxe4 Bd6 19. Bxd6 Rxd6 20. b4
Na7 21. Rhc1+ Kb8 22. Rc5 h6 23. f4 Rb6 24. h4 Rc8 25. g5 Nc6 26. Bxc6 Rcxc6
27. gxh6 gxh6 28. Rh5 Rc4 29. Rxh6 Rbxb4 30. Rxb4 Rxb4 31. f5 exf5 32. Rf6 Rb5
33. Rxf7 Ka7 34. h5 f4 35. e4 Rxh5 36. e5 Kb6 37. e6 Kc6 38. Rd7 a5 39. d5+ Kc5
40. e7 Re5 41. d6 a4 42. Rd8 Kd5 43. Kf3 b5 44. Kxf4 a3 45. e8=Q Rxe8 46. Rxe8
Kxd6 47. Ke4 Kc5 48. Kd3 Kb4 49. Kc2 Kc4 50. Re4+ Kd5 51. Rh4 Kc5 52. Kb3 b4
53. Rxb4 a2 54. Ra4 1-0

[Event "Pilsen Open 2025 - A INGEM GM Round Robi"]
[Site "Parkhotel Plzen ****, Plzen"]
[Date "2025.03.18"]
[Round "4.5"]
[White "Zhao, Yuanhe"]
[Black "Krishna, C."]
[Result "1/2-1/2"]
[WhiteElo "2466"]
[BlackElo "2418"]
[PlyCount "95"]
[EventDate "2025.03.15"]

1. Nf3 d6 2. c4 f5 3. Nc3 Nf6 4. d4 g6 5. g3 Bg7 6. Bg2 O-O 7. O-O e6 8. Qc2
Nc6 9. Rd1 Qe7 10. b3 Nb4 11. Qd2 c6 12. Bb2 Bd7 13. Re1 e5 14. Na4 c5 15. dxc5
dxc5 16. Bxe5 Bxa4 17. bxa4 Ne4 18. Qb2 Rfe8 19. Bxg7 Qxg7 20. Qb3 Rad8 21. a3
Nc6 22. Rac1 Na5 23. Qc2 Qf7 24. e3 g5 25. Red1 Qxc4 26. Rxd8 Rxd8 27. Qxc4+
Nxc4 28. Rxc4 Rd1+ 29. Bf1 g4 30. Ne5 Nd2 31. Rf4 Nxf1 32. Kg2 Nd2 33. h3 h5
34. a5 c4 35. Rd4 c3 36. Rd8+ Kg7 37. Rc8 Kf6 38. hxg4 Kxe5 39. g5 Ne4 40. Re8+
Kd5 41. Rd8+ Nd6 42. g6 c2 43. g7 c1=Q 44. g8=Q+ Kc6 45. Qe6 Rg1+ 46. Kh2 Rh1+
47. Kg2 Qf1+ 48. Kf3 1/2-1/2

[Event "Pilsen Open 2025 - A INGEM GM Round Robi"]
[Site "Parkhotel Plzen ****, Plzen"]
[Date "2025.03.18"]
[Round "5.1"]
[White "Krishna, C."]
[Black "Neuman, Petr"]
[Result "0-1"]
[WhiteElo "2418"]
[BlackElo "2421"]
[PlyCount "104"]
[EventDate "2025.03.15"]

1. d4 d5 2. c4 c6 3. Nf3 Nf6 4. e3 g6 5. Nc3 Bg7 6. Be2 O-O 7. O-O dxc4 8. Bxc4
Bg4 9. Be2 Nbd7 10. e4 Bxf3 11. gxf3 Qc7 12. Be3 Nh5 13. Qb3 Nf4 14. Rfd1 Nf6
15. Bf1 N6h5 16. Rac1 e6 17. Na4 Rfd8 18. Nc5 Rab8 19. a4 Qe7 20. a5 Bxd4 21.
Kh1 Be5 22. Rxd8+ Rxd8 23. Nxb7 Rb8 24. a6 Qh4 25. Rc5 Nd5 26. h3 Nxe3 27. Qxe3
Bf4 28. Qe2 Bc7 29. e5 Nf4 30. Rc4 Bb6 31. Qd2 g5 32. Nd6 Qxf2 33. Qxf2 Bxf2
34. b4 Nd5 35. Nb7 Bg3 36. Bd3 Bxe5 37. Be4 Kf8 38. Bxd5 cxd5 39. Rc6 d4 40.
Kg2 d3 41. Kf2 d2 42. Ke2 Bf4 43. Rc4 Ke7 44. b5 h5 45. Rd4 h4 46. Rc4 f5 47.
Kd1 Kf7 48. Rd4 Kf6 49. Ke2 Rc8 50. b6 axb6 51. Rd8 Rc1 52. a7 Re1+ 0-1

[Event "Pilsen Open 2025 - A INGEM GM Round Robi"]
[Site "Parkhotel Plzen ****, Plzen"]
[Date "2025.03.18"]
[Round "5.2"]
[White "Vivaan, Vishal Shah"]
[Black "Zhao, Yuanhe"]
[Result "0-1"]
[WhiteElo "2429"]
[BlackElo "2466"]
[PlyCount "74"]
[EventDate "2025.03.15"]

1. e4 c5 2. Nf3 a6 3. c4 e6 4. d4 cxd4 5. Nxd4 Nf6 6. Nc3 Qc7 7. a3 b6 8. f4
Bb7 9. Bd3 Nc6 10. Nxc6 Qxc6 11. Be3 Bc5 12. Qe2 Bxe3 13. Qxe3 Qc5 14. Qxc5
bxc5 15. e5 Ng4 16. O-O f5 17. h3 Nh6 18. Na4 Rc8 19. b4 cxb4 20. axb4 Ke7 21.
Nb6 Rc7 22. c5 g5 23. Bxa6 Be4 24. Bb5 gxf4 25. Rxf4 Rg8 26. Ra2 Rg3 27. Bxd7
Nf7 28. Rh4 Nxe5 29. Rxh7+ Kf6 30. Rh6+ Kg5 31. Rh7 Rd3 32. b5 Rxc5 33. Bxe6
Rd6 34. Ra3 f4 35. Rg7+ Kh6 36. Re7 Rc1+ 37. Kh2 Rdd1 0-1

[Event "Pilsen Open 2025 - A INGEM GM Round Robi"]
[Site "Parkhotel Plzen ****, Plzen"]
[Date "2025.03.18"]
[Round "5.3"]
[White "Petr, Martin"]
[Black "Pacher, Milan"]
[Result "1-0"]
[WhiteElo "2474"]
[BlackElo "2336"]
[PlyCount "49"]
[EventDate "2025.03.15"]

1. Nf3 Nf6 2. g3 c5 3. c4 d5 4. cxd5 Nxd5 5. Nc3 Nxc3 6. bxc3 b6 7. Bg2 Bb7 8.
O-O g6 9. Qb3 e6 10. d4 Nd7 11. Rd1 Qc8 12. Bf4 Bg7 13. Bd6 c4 14. Qa3 b5 15.
Qb4 Bc6 16. a4 a5 17. Qa3 bxa4 18. Rab1 Ra6 19. Ne5 Bxe5 20. dxe5 f5 21. exf6
Kf7 22. Bxc6 Qxc6 23. Bf8 Rxf8 24. Qe7+ Kg8 25. Qg7# 1-0

[Event "Pilsen Open 2025 - A INGEM GM Round Robi"]
[Site "Parkhotel Plzen ****, Plzen"]
[Date "2025.03.18"]
[Round "5.4"]
[White "Kuegel, Tobias"]
[Black "Song, Yuxin"]
[Result "1/2-1/2"]
[WhiteElo "2409"]
[BlackElo "2367"]
[PlyCount "120"]
[EventDate "2025.03.15"]

1. e3 Nf6 2. Nf3 e6 3. Be2 c5 4. c4 Nc6 5. O-O d5 6. d4 dxc4 7. Bxc4 a6 8. dxc5
Qxd1 9. Rxd1 Bxc5 10. a3 b5 11. Be2 Bb7 12. b4 Be7 13. Bb2 O-O 14. Nbd2 Rac8
15. Nb3 Nb8 16. Rac1 Rxc1 17. Rxc1 Rc8 18. Rxc8+ Bxc8 19. Na5 Bd8 20. Nb3 Nbd7
21. Ne5 Nxe5 22. Bxe5 Nd7 23. Bd4 Bb7 24. f3 Bd5 25. Bd1 e5 26. Ba7 Kf8 27. Kf2
Ke7 28. Bc2 g6 29. Ke2 Kd6 30. Nc5 Nxc5 31. Bxc5+ Kc6 32. g3 a5 33. e4 Bc4+ 34.
Ke3 axb4 35. axb4 Kd7 36. f4 f6 37. Bd1 Ke6 38. h4 exf4+ 39. gxf4 h5 40. f5+
Kf7 41. Bc2 Bc7 42. fxg6+ Kxg6 43. Bd6 Bb6+ 44. Bc5 Bc7 45. e5+ Kg7 46. Bd6 Bd8
47. Bd1 Kg6 48. Bc2+ Kf7 49. exf6 Bxf6 50. Bd1 Bxh4 51. Bxh5+ Ke6 52. Bc5 Bg5+
53. Kf2 Be7 54. Bxe7 Kxe7 55. Ke3 Kd6 56. Kd4 Bf1 57. Be8 Bc4 58. Bxb5 Bxb5 59.
Ke3 Bc6 60. b5 Bxb5 1/2-1/2

[Event "Pilsen Open 2025 - A INGEM GM Round Robi"]
[Site "Parkhotel Plzen ****, Plzen"]
[Date "2025.03.18"]
[Round "5.5"]
[White "Otsuka, Shou"]
[Black "Mattenberger, Matthias"]
[Result "1-0"]
[WhiteElo "2323"]
[BlackElo "2338"]
[PlyCount "83"]
[EventDate "2025.03.15"]

1. e4 c5 2. Nf3 d6 3. Bb5+ Nd7 4. c4 e5 5. Nc3 Ne7 6. d3 a6 7. Ba4 Nc6 8. Bxc6
bxc6 9. O-O Be7 10. Ne1 O-O 11. f4 exf4 12. Bxf4 f5 13. exf5 Rxf5 14. Nc2 Nf8
15. Bg3 Ng6 16. Qe2 Qd7 17. d4 cxd4 18. Nxd4 Rxf1+ 19. Rxf1 Bb7 20. Nf5 Bf8 21.
Ne4 d5 22. Nh6+ Kh8 23. Nf7+ Kg8 24. Nh6+ Kh8 25. Nf7+ Kg8 26. Neg5 h6 27. Qd3
hxg5 28. Qxg6 Bc5+ 29. Kh1 Rf8 30. Nh6+ Kh8 31. Nf7+ Kg8 32. Nh6+ Kh8 33. Rxf8+
Bxf8 34. Nf7+ Kg8 35. Nh6+ Kh8 36. Nf7+ Kg8 37. Nxg5 Bc5 38. Qh7+ Kf8 39. Qh8+
Ke7 40. Qxg7+ Ke8 41. Qg6+ Kd8 42. Ne6+ 1-0